Villes de Grèce - Mort Subite - Statistiques

Statistiques générales
  • Ce quiz a été pris 352 fois
  • Le résultat moyen est 7 sur 20
Answers on the Grid
Answers color-coded by a green-red scale on the quiz's grid according to % correct below.
Athènes
Thessalonique
Patras
Le Pirée
Corinthe
Ioannina
Chalcis
Héraklion
Peristéri
Kalamariá
Kallithéa
Thèbes
Pyléa
Chalándri
Corfou
Xánthi
Rhodes
Mytilène
Larissa
Pyrgos
Luleá
Eubée
Izmir
Dirfis
Égée
Dodone
Marmaris
Limassol
Imbros
Héphaïstos
Vénus
Kokkinakis
Barnas
La Plinthe
Lagos
Bodalia
 
Statistiques - réponses
Réponse % Correct
Athènes
76%
Rhodes
61%
Thessalonique
61%
Le Pirée
54%
Corinthe
53%
Héraklion
53%
Corfou
50%
Thèbes
47%
Patras
35%
Larissa
30%
Kallithéa
26%
Ioannina
23%
Xánthi
23%
Kalamariá
22%
Mytilène
21%
Pyrgos
21%
Chalcis
14%
Chalándri
12%
Peristéri
11%
Pyléa
10%
Aucun quiz correspondant
Distribution des résultats
% des personnes avec chaque résultat
Percentile par nombre de réponses
Votre historique - résultats
Vous n’avez pas pris ce quiz